[Event "89th GER-ch"]
[Site "Dresden"]
[Date "2018.08.10"]
[Round "8"]
[White "Proschmann, Tino"]
[Black "Heinert, Eugen"]
[Result "0-1"]
[WhiteElo "2092"]
[BlackElo "2146"]
[Annotator "TA"]
[PlyCount "106"]
[EventDate "2018.08.03"]
[EventType "swiss"]
[EventCountry "GER"]
[SourceTitle "playchess.com"]
[Source "ChessBase"]
[SourceQuality "1"]

{[%evp 31,105,38,43,30,39,43,25,11,30,30,14,16,15,18,128,31,56,-106,-110,-152,-109,-112,-85,-106,-148,-154,-157,-185,-193,-268,-154,-245,-110,-143,37,-197,-104,-103,-96,-125,-65,-70,-3,-3,75,0,0,0,0,0,11,8,5,7,27,14,19,17,62,70,97,32,55,0,94,52,60,62,95,29,45,20,288,283,243,-29999]} 1. e4 e6 2. d4 d5 3. Nd2 Nf6 4. e5 Nfd7 5. Bd3 c5 6. c3 Nc6 7. Ne2 cxd4 8. cxd4 f6 9. exf6 Nxf6 10. O-O Bd6 11. Nf3 Qc7 12. Bg5 O-O 13. Bh4 Bd7 14. Nc3 a6 15. Re1 Rae8 16. Rc1 {C06: French Tarrasch: 3...Nf6 4 e5 Nfd7 5 Bd3 main lines} Qb8 {LiveBook: 7 Games} 17. a3 (17. Bb1 Re7 18. Bg3 Bxg3 19. hxg3 Qd6 20. Ne5 Qb4 21. Rc2 Nxd4 22. Nxd7 Nxd7 23. a3 Qc5 {0-1 (32) Garma,C (2346)-Nguyen,N (2579) Manila 2008}) 17... Re7 18. Bg3 $146 {White is slightly better.} ({Predecessor:} 18. Na4 e5 19. dxe5 Nxe5 20. Nxe5 Rxe5 21. Rxe5 Bxe5 22. h3 Bh2+ 23. Kh1 {1-0 (40) Vargyas,Z (2121)-Kiss,L (2189) Hungary 2016}) 18... Nh5 19. Qc2 h6 20. Bh7+ Kh8 {[%cal Rh5g3]} 21. Nh4 Be8 $1 {[%cal Rh5g3]} 22. Bg6 $1 {[%cal Rg6e8] aiming for Bxe8.} Nxd4 (22... Kg8 $11) 23. Qd3 (23. Bxd6 $1 $16 Qxd6 24. Qd1) 23... Nf4 24. Bxf4 $2 (24. Qxd4 $14 e5 25. Qd2 Nxg6 26. Nxd5) 24... Rxf4 $17 25. g3 {[#]} Rxh4 $1 {[%mdl 512]} 26. Bxe8 (26. gxh4 Bxg6) 26... Rxe8 27. gxh4 Bxh2+ 28. Kh1 Be5 $1 29. Qe3 Nc6 $1 30. Qh3 (30. Ne2 $142) 30... Qd8 (30... Rf8 $19 31. Rf1 Nd4) 31. Rcd1 (31. Na4 $17 {was called for.} Qf6 32. b4) 31... Qf6 (31... Rf8 $1 $19 {is more deadly.} 32. Kg2 Qe7) 32. Re2 Nd4 $2 {[#]} (32... Rf8 $17 {...Qe7 is the strong threat.} 33. Rde1 Qf4) 33. Ree1 $2 (33. Nxd5 $1 $14 {[%mdl 512] was the only good move.} exd5 34. Rxd4 $1 {[%mdl 512]}) 33... Nf3 (33... Rf8 $19 34. Re3 Nf5) 34. Re3 Rf8 {And now ...d4 would win.} 35. Ne2 Nxh4 ({Better is} 35... b5 $17 36. Nc1 d4) 36. f4 $1 $15 Bxf4 (36... Bxb2 $15 37. Rxe6 Qf7) 37. Rxe6 $11 Qf7 {[#]} (37... Qd8 $11) 38. Qxh4 (38. Rf1 $1 $16 Ng6 39. Qg4) 38... Qxe6 39. Nxf4 Qe4+ 40. Ng2 Qf3 41. Qd4 Rf5 $132 {[%mdl 2048] Black has counterplay} 42. Kg1 h5 43. Rd2 Rg5 44. Rf2 Qh3 45. Qf4 Rg6 46. Qb8+ (46. Qe5 $16 Qg4 47. Qxd5) 46... Kh7 $14 47. Qxb7 (47. Qe5 $14) 47... Qe6 (47... Rxg2+ $1 $11 {keeps the balance.} 48. Rxg2 Qe3+ 49. Kf1 Qc1+ 50. Ke2 Qc4+ 51. Ke3 Qe4+ 52. Kf2 Qf4+ 53. Ke2 Qc4+ 54. Kf3 Qd3+ 55. Kf4 Qe4+ 56. Kg3 Qg4+ 57. Kf2 (57. Kh2 Qh4+ 58. Kg1 Qe1+ 59. Kh2 Qh4+ 60. Kg1 Qe1+ 61. Kh2 Qh4+ $11) 57... Qh4+ 58. Kf3 Qh3+ 59. Kf2 Qh4+ 60. Kf3 Qe4+ 61. Kg3 h4+ 62. Kh3 Qf3+ 63. Kh2 Qf4+ 64. Kg1 Qe3+ 65. Kh1 (65. Kh2 Qf4+ 66. Kg1 Qc1+ 67. Kh2 Qf4+ $11) 65... Qh3+ 66. Kg1 Qe3+ 67. Kh2 Qf4+ 68. Kh1 Qf1+ 69. Kh2 Qf4+) 48. Qb4 Rg4 49. Qd2 h4 {Black wants to play ...h3.} 50. Re2 (50. Rf4 $16) 50... Qb6+ 51. Kh1 h3 $2 {[%mdl 8192]} (51... Qg6 $1 $11) 52. Qd3+ $18 Rg6 53. Nf4 $4 {[%mdl 8192]} (53. Ne3 $18) 53... Qg1# {Precision: White = 30%, Black = 23%.} 0-1

[Event "89th GER-ch"]
[Site "Dresden"]
[Date "2018.08.10"]
[Round "8.1"]
[White "Buhmann, Rainer"]
[Black "Miller, Eduard"]
[Result "1-0"]
[WhiteElo "2581"]
[BlackElo "2309"]
[Annotator "TA"]
[PlyCount "67"]
[EventDate "2018.08.03"]
[EventType "swiss"]
[EventCountry "GER"]
[SourceTitle "playchess.com"]
[Source "ChessBase"]
[SourceQuality "1"]

{[%evp 22,67,28,25,33,15,14,47,50,54,52,60,59,19,39,12,22,25,10,39,85,0,0,0,0,0,0,0,0,0,58,57,62,59,106,98,139,130,179,180,170,177,185,137,600,598,933,916]} 1. d4 Nf6 2. c4 e6 3. Nf3 d5 4. Nc3 dxc4 5. e4 Bb4 6. Bg5 c5 7. Bxc4 cxd4 8. Nxd4 Qa5 9. Bd2 Qc5 {D39: Damengambit (Ragosin-Verteidigung)} 10. Bb5+ Bd7 11. Nb3 Qb6 (11... Qe7 12. Bd3 Nc6 13. O-O O-O 14. a3 Bd6 15. f4 e5 16. Nd5 Nxd5 17. exd5 {½-½ (38) Gajewski,G (2599)-Piorun,K (2633) Warsaw 2018}) 12. Bd3 {LiveBook: 3 Partien} O-O 13. O-O Nc6 14. Be3 Qc7 $146 ({Vorgänger:} 14... Qd8 15. Rc1 Ne5 16. Bb1 Neg4 17. Bg5 {1-0 (44) Lambert,A-Schultz,B corr 1998}) 15. Rc1 Rfd8 16. Qe2 Rac8 17. Bb1 Qb8 18. f4 e5 19. Nd5 Nxd5 20. exd5 Ne7 21. Qf3 (21. Rxc8 $16 Rxc8 22. a3) 21... f5 22. fxe5 Qxe5 23. Bxa7 Bd6 ({Viel schlechter ist} 23... Nxd5 $6 24. Bd4 $16) 24. g3 Rxc1 (24... Nxd5 $2 25. Rce1 $18) 25. Rxc1 Qxd5 (25... Qxb2 $11 26. Bd4 Qa3) 26. Qxd5+ $14 Nxd5 27. Rd1 Bc6 28. Bxf5 Re8 29. Bd3 Kf8 30. Bc4 Re5 31. Bd4 $36 {[%mdl 2048] Weiss ist am Drücker.} Rh5 32. Bf2 Ne3 $2 {[%mdl 8192] [#]} (32... Be7 $16 33. Nd4 Bd7) 33. Bxe3 $18 ({Nicht} 33. Rxd6 Nxc4 34. Rd8+ Ke7 $16) 33... Bxg3 34. Rf1+ {Precision: Weiß = 63%, Schwarz = 41%.} 1-0

[Event "89th GER-ch"]
[Site "Dresden"]
[Date "2018.08.10"]
[Round "8.2"]
[White "Colpe, Malte"]
[Black "Poetsch, Hagen"]
[Result "0-1"]
[WhiteElo "2384"]
[BlackElo "2513"]
[Annotator "ChessBase"]
[PlyCount "102"]
[EventDate "2018.08.03"]
[EventType "swiss"]
[EventCountry "GER"]
[SourceTitle "playchess.com"]
[Source "ChessBase"]
[SourceQuality "1"]
[TimeControl "40/5400+30:1800+30"]

1. e4 {[%emt 1:30:28]} c5 {[%emt 1:30:11]} 2. Nf3 {[%emt 1:30:51]} d6 {[%emt 1:30:11]} 3. d4 {[%emt 1:31:12]} cxd4 {[%emt 1:30:35]} 4. Nxd4 {[%emt 1:31:37]} Nf6 {[%emt 1:30:59]} 5. Nc3 {[%emt 1:32:02]} a6 {[%emt 1:31:22]} 6. h4 {[%emt 1:32:16]} g6 {[%emt 1:27:39]} 7. h5 {[%emt 1:32:20]} gxh5 {[%emt 1:18:54]} 8. Bg5 {[%emt 1:27:22]} Nbd7 {[%emt 1:17:35]} 9. Qd2 {[%emt 1:25:22]} h6 {[%emt 1:14:50]} 10. Bh4 {[%emt 1:24:50]} b5 {[%emt 1:10:41]} 11. Nd5 {[%emt 1:02:22]} Nxd5 {[%emt 1:10:00]} 12. exd5 {[%emt 1:02:43]} Ne5 {[%emt 0:59:07]} 13. Be2 {[%emt 0:55:40]} Bg4 {[%emt 0:56:46]} 14. O-O-O {[%emt 0:53:08]} Qc7 {[%emt 0:46:04]} 15. Rhe1 {[%emt 0:45:31]} Rg8 {[%emt 0:40:36]} 16. f4 {[%emt 0:32:50]} Nc4 {[%emt 0:39:50]} 17. Bxc4 {[%emt 0:30:49]} Qxc4 {[%emt 0:30:06]} 18. Qe3 {[%emt 0:03:41]} Bxd1 {[%emt 0:29:37]} 19. Bxe7 {[%emt 0:03:52]} Bxc2 {[%emt 0:08:35]} 20. Nxc2 {[%emt 0:02:38]} Rxg2 {[%emt 0:08:30]} 21. Bg5+ {[%emt 0:01:09]} Kd7 {[%emt 0:08:44]} 22. Qh3+ {[%emt 0:01:34]} Rg4 {[%emt 0:06:14]} 23. Qxh5 {[%emt 0:01:57]} Rxf4 {[%emt 0:06:36]} 24. Qh3+ {[%emt 0:00:51]} Rg4 {[%emt 0:04:39]} 25. b3 {[%emt 0:01:06]} Qxd5 {[%emt 0:04:26]} 26. Qxg4+ {[%emt 0:01:29]} f5 {[%emt 0:04:41]} 27. Qh5 {[%emt 0:01:07]} hxg5 {[%emt 0:03:44]} 28. Qh7+ {[%emt 0:01:07]} Kd8 {[%emt 0:04:10]} 29. Rd1 {[%emt 0:00:27]} Qe4 {[%emt 0:00:57]} 30. Qf7 {[%emt 0:00:23]} Qe7 {[%emt 0:00:37]} 31. Qxf5 {[%emt 0:00:41]} Rc8 {[%emt 0:00:48]} 32. Kb1 {[%emt 0:00:50]} Bg7 {[%emt 0:00:39]} 33. Qg6 {[%emt 0:00:25]} Be5 {[%emt 0:00:09]} 34. Nb4 {[%emt 0:00:37]} Qf6 {[%emt 0:00:03]} 35. Qxf6+ {[%emt 0:00:27]} Bxf6 {[%emt 0:00:29]} 36. Rxd6+ {[%emt 0:00:51]} Ke7 {[%emt 0:00:55]} 37. Rxa6 {[%emt 0:01:13]} Rc5 {[%emt 0:00:54]} 38. Nd3 {[%emt 0:00:24]} Rf5 {[%emt 0:01:07]} 39. Ra7+ {[%emt 0:00:28]} Ke6 {[%emt 0:00:44]} 40. Kc2 {[%emt 0:00:11]} g4 {[%emt 0:00:44]} 41. Rh7 {[%emt 0:24:44]} g3 {[%emt 0:22:05]} 42. Rh1 {[%emt 0:24:19]} Bd4 {[%emt 0:20:42]} 43. Re1+ {[%emt 0:15:01]} Kf6 {[%emt 0:15:12]} 44. Re2 {[%emt 0:14:44]} Bf2 {[%emt 0:13:07]} 45. Ne1 {[%emt 0:14:43]} Kg5 {[%emt 0:13:02]} 46. Kd3 {[%emt 0:12:50]} Kg4 {[%emt 0:12:51]} 47. Ke4 {[%emt 0:06:44]} Rf4+ {[%emt 0:10:37]} 48. Ke5 {[%emt 0:05:59]} Rf8 {[%emt 0:10:42]} 49. Kd5 {[%emt 0:05:42]} Rd8+ {[%emt 0:10:24]} 50. Kc6 {[%emt 0:05:46]} Rd1 {[%emt 0:10:09]} 51. Nc2 {[%emt 0:03:56]} Kf3 {[%emt 0:09:46]} 0-1

[Event "89th GER-ch"]
[Site "Dresden"]
[Date "2018.08.10"]
[Round "8.3"]
[White "Gschnitzer, Adrian"]
[Black "Armbrust, Florian"]
[Result "0-1"]
[WhiteElo "2333"]
[BlackElo "2300"]
[Annotator "NA"]
[PlyCount "98"]
[EventDate "2018.08.03"]
[EventType "swiss"]
[EventCountry "GER"]
[SourceTitle "playchess.com"]
[Source "ChessBase"]
[SourceQuality "1"]
[TimeControl "40/5400+30:1800+30"]

1. e4 {[%emt 1:30:27]} c5 {[%emt 1:30:27]} 2. Nf3 {[%emt 1:30:49]} d6 {[%emt 1:30:55]} 3. d4 {[%emt 1:31:09]} cxd4 {[%emt 1:31:23]} 4. Nxd4 {[%emt 1:31:30]} Nf6 {[%emt 1:31:49]} 5. Nc3 {[%emt 1:31:51]} Nc6 {[%emt 1:32:17]} 6. Bg5 {[%emt 1:31:51]} e6 {[%emt 1:32:44]} 7. Qd2 {[%emt 1:32:09]} Be7 {[%emt 1:33:11]} 8. O-O-O {[%emt 1:32:23]} Nxd4 {[%emt 1:33:38]} 9. Qxd4 {[%emt 1:32:40]} O-O {[%emt 1:34:00]} 10. f4 {[%emt 1:33:00]} Qa5 {[%emt 1:34:27]} 11. e5 {[%emt 1:33:02]} dxe5 {[%emt 1:34:27]} 12. Qxe5 {[%emt 1:33:21]} Qxe5 {[%emt 1:34:35]} 13. fxe5 {[%emt 1:33:42]} Nd5 {[%emt 1:34:59]} 14. Bxe7 {[%emt 1:34:01]} Nxe7 {[%emt 1:35:25]} 15. Bd3 {[%emt 1:34:16]} b6 16. Be4 {[%emt 1:34:38]} Rb8 {[%emt 1:36:14]} 17. Rhe1 {[%emt 1:34:50]} Bb7 {[%emt 1:36:38]} 18. Rd7 {[%emt 1:31:18]} Bxe4 {[%emt 1:36:38]} 19. Rxe4 {[%emt 1:31:37]} Nc6 {[%emt 1:35:41]} 20. Nb5 {[%emt 1:31:20]} Rbd8 {[%emt 1:07:18]} 21. Rd6 {[%emt 1:28:32]} Rxd6 {[%emt 1:06:04]} 22. exd6 {[%emt 1:28:32]} a6 {[%emt 1:01:40]} 23. Nc7 {[%emt 1:28:10]} Rd8 {[%emt 0:56:53]} 24. Ra4 {[%emt 1:20:44]} a5 {[%emt 0:56:28]} 25. Nb5 {[%emt 1:19:35]} Ne5 {[%emt 0:50:01]} 26. a3 {[%emt 1:01:34]} Kf8 {[%emt 0:43:38]} 27. Rh4 {[%emt 0:53:28]} h6 {[%emt 0:42:43]} 28. Kd2 {[%emt 0:44:59]} f5 {[%emt 0:39:06]} 29. b4 {[%emt 0:31:04]} axb4 {[%emt 0:34:58]} 30. axb4 {[%emt 0:31:12]} Ke8 {[%emt 0:34:36]} 31. c4 {[%emt 0:27:23]} Kd7 {[%emt 0:34:01]} 32. Kc3 {[%emt 0:26:18]} Rc8 {[%emt 0:26:59]} 33. Rd4 {[%emt 0:23:55]} Rc6 {[%emt 0:24:21]} 34. Rh4 {[%emt 0:11:20]} Ng4 {[%emt 0:19:36]} 35. h3 {[%emt 0:05:04]} Ne3 {[%emt 0:16:10]} 36. g3 {[%emt 0:04:06]} Nd5+ {[%emt 0:08:08]} 37. Kb3 {[%emt 0:02:47]} Nf6 {[%emt 0:08:24]} 38. Rd4 {[%emt 0:02:15]} Ne4 {[%emt 0:05:16]} 39. Rd1 {[%emt 0:00:50]} g5 {[%emt 0:04:49]} 40. Ra1 {[%emt 0:00:09]} Nxd6 {[%emt 0:00:56]} 41. Ra7+ {[%emt 0:28:47]} Ke8 {[%emt 0:27:26]} 42. Nc7+ {[%emt 0:24:20]} Kd7 {[%emt 0:20:28]} 43. Nd5+ {[%emt 0:20:42]} Kd8 {[%emt 0:18:07]} 44. Ra8+ {[%emt 0:11:35]} Rc8 {[%emt 0:17:04]} 45. Nxb6 {[%emt 0:11:59]} Rxa8 {[%emt 0:17:26]} 46. Nxa8 {[%emt 0:12:24]} f4 {[%emt 0:17:34]} 47. gxf4 {[%emt 0:12:44]} gxf4 {[%emt 0:17:59]} 48. Kc3 {[%emt 0:12:35]} f3 {[%emt 0:18:21]} 49. Kd3 {[%emt 0:11:39]} Nxc4 {[%emt 0:18:35]} 0-1

[Event "89th GER-ch"]
[Site "Dresden"]
[Date "2018.08.10"]
[Round "8.4"]
[White "Kvetny, Mark"]
[Black "Reuker, Jari"]
[Result "0-1"]
[WhiteElo "2421"]
[BlackElo "2404"]
[Annotator "TA"]
[PlyCount "70"]
[EventDate "2018.08.03"]
[EventType "swiss"]
[EventCountry "GER"]
[SourceTitle "playchess.com"]
[Source "ChessBase"]
[SourceQuality "1"]

{[%evp 10,69,2,-4,-3,0,7,-28,-5,-2,-6,0,23,25,29,31,16,18,19,16,59,56,99,95,81,84,97,90,115,118,127,61,68,65,37,0,8,-53,0,-54,-62,-96,-61,-126,-141,-143,-136,-612,-517,-767,-740,-1517,-1512,-29988,-2110,-29995,-29996,-29996,-29997,-29997,-29998,-29999]} 1. d4 d5 2. c4 e6 3. Nc3 Bb4 4. e3 Nf6 5. Bd3 e5 (5... O-O 6. Nf3 c5 7. O-O Nc6 8. cxd5 exd5 9. dxc5 Bxc5 10. b3 Qe7 11. Bb2 Rd8 12. Rc1 Bg4 13. Be2 d4 14. Nxd4 Bxd4 15. exd4 Rxd4 16. Qc2 Rad8 17. Bxg4 Nxg4 {½-½ (38) Solak,D (2626)-Vocaturo,D (2607) Heraklio 2017}) 6. a3 {LiveBook: 3 Games. E40: Nimzo-Indian: Rubinstein (4 e3): Unusual Black 4th moves} (6. cxd5 {looks sharper.} Qxd5 7. Kf1 Qa5 8. Nge2 O-O 9. h4) 6... Bxc3+ 7. bxc3 e4 8. Bb1 {The position is equal.} c6 9. Ne2 O-O 10. O-O Nbd7 $146 {[%cal Bb8d7,Bd7b6,Bb6c4][%mdl 32]} ({Predecessor:} 10... b6 11. f3 Re8 12. Ng3 exf3 13. gxf3 Bh3 14. Re1 {1-0 (34) Iljiushenok,I (2479)-Pustovoitova,D (2337) Moscow 2016}) 11. Ng3 Re8 12. f3 Nb6 13. c5 Nc4 14. fxe4 dxe4 15. Ba2 $36 {[%mdl 2048] White is more active.} Be6 16. Qe2 b5 17. cxb6 $1 Nxb6 18. c4 $1 c5 19. d5 ({Don't play} 19. dxc5 $6 Na4 $14) 19... Bg4 20. Qe1 (20. Qf2 $16) 20... Nbd7 21. h3 Bh5 $1 22. Nxh5 Nxh5 23. Rf5 (23. Qf2 $11 Qe7 24. Bb2) 23... Re5 ({Black should play} 23... g6 $15 24. Rf2 Ne5) 24. Qf2 (24. Rf2 $11) 24... g6 $1 $15 25. Rxf7 {And now Bb2 would win.} Nhf6 {[%cal Bh5f6,Bf6d7,Bd7e5][%mdl 32]} 26. Rxd7 (26. Rxf6 $1 $15 Nxf6 27. Bb2) 26... Nxd7 $17 27. Bb2 Rf5 28. Qc2 $2 {[%mdl 8192]} (28. Qg3 $17) 28... Qh4 $19 29. Rd1 Raf8 {Strongly threatening ...Rf2.} 30. Qc3 Ne5 31. Bb1 Rg5 (31... Rf2 $142 32. Qd4 {[#]} Nf3+ $1 {[%mdl 512]} 33. Kh1 Qxh3+ $1 {[%mdl 512]} 34. gxh3 Rh2#) 32. Rf1 {[#]} Rxg2+ $1 {[%mdl 512] Black mates.} 33. Kxg2 Qg5+ 34. Kh2 Rxf1 {[%csl Gf1][%cal Rg5g1]} 35. Qxe5 Qg1# {Precision: White = 32%, Black = 60%.} 0-1

[Event "89th GER-ch"]
[Site "Dresden"]
[Date "2018.08.11"]
[Round "9"]
[White "Zude, Arno"]
[Black "Colpe, Malte"]
[Result "0-1"]
[WhiteElo "2373"]
[BlackElo "2384"]
[Annotator "TA"]
[PlyCount "50"]
[EventDate "2018.08.03"]
[EventType "swiss"]
[EventCountry "GER"]
[SourceTitle "playchess.com"]
[Source "ChessBase"]
[SourceQuality "1"]

{[%evp 16,50,0,2,20,27,29,19,37,33,37,28,32,36,33,30,51,43,51,47,84,70,65,78,54,0,0,-20,-14,-254,-246,-29978,-29979,-29979,-29980,-6302,-5477]} 1. e4 e5 2. Nf3 Nc6 3. Bc4 Bc5 4. c3 Nf6 5. d4 exd4 6. e5 d5 7. Be2 {C54: Giuoco Piano: 4 c3 Nf6, main lines with 5 d4 and 5 d3} (7. Bb5 Ne4 8. cxd4 Bb6 9. Nc3 O-O 10. Be3 Bg4 11. h3 Bh5 12. Qc2 Bxf3 13. gxf3 Ng5 14. O-O-O Nxf3 15. Bxc6 bxc6 16. Qf5 Nh4 17. Qg4 Ng6 {½-½ (38) Naiditsch,A (2701)-Anand,V (2776) Karlsruhe/Baden-Baden 2018}) 7... Ne4 8. cxd4 Bb4+ 9. Bd2 {LiveBook: 14 Games. The position is equal.} Bxd2+ (9... Nxd2 {with more complications.} 10. Nbxd2 O-O 11. O-O f6 12. Bb5 Nxd4 13. Nxd4 fxe5 14. Nc2 Bc5) 10. Nbxd2 O-O 11. O-O f6 $146 ({Predecessor:} 11... Bg4 12. Nb3 f5 13. Nfd2 Bxe2 14. Qxe2 a5 15. a4 Nb4 16. f3 Ng5 17. Nb1 {½-½ (71) Kvachko,A (1674)-Baiburina,K (1721) Kolomna 2014}) 12. Bb5 Bg4 13. Bxc6 Nxd2 14. Qxd2 bxc6 15. Ne1 {[%cal Bf3e1,Be1d3,Bd3b4][%mdl 32]} fxe5 16. dxe5 Qe7 17. Nd3 Bf5 18. Nb4 Bd7 19. Qd4 Rae8 {And now ...c5 would win.} 20. Rac1 ({White should play} 20. Nd3 $14) 20... Qxe5 $11 21. Qxa7 Qg5 $36 {[%mdl 2048] aiming for ...Bh3. Black is pushing.} 22. Qxc7 $2 {[#]} (22. Qa3 $11) 22... Rxf2 $1 $19 {[%mdl 512]} 23. Rxf2 $2 (23. Qg3 $19 Qxg3 24. hxg3 Rxb2 25. Rb1 Rxb1 26. Rxb1) 23... Qxc1+ 24. Rf1 Qc5+ 25. Kh1 {[#]} Qf2 $1 {[%mdl 512] Precision: White = 40%, Black = 61%.} 0-1

[Event "89th GER-ch"]
[Site "Dresden"]
[Date "2018.08.11"]
[Round "9"]
[White "Gaede, Derek"]
[Black "Gschnitzer, Adrian"]
[Result "0-1"]
[WhiteElo "2298"]
[BlackElo "2333"]
[Annotator "TA"]
[PlyCount "94"]
[EventDate "2018.08.03"]
[EventType "swiss"]
[EventCountry "GER"]
[SourceTitle "playchess.com"]
[Source "ChessBase"]
[SourceQuality "1"]

{[%evp 14,94,0,-3,31,15,44,3,24,-17,0,-8,5,-38,-27,-24,-7,-74,-62,-76,-79,-74,-91,-133,-60,-13,-20,-27,0,-106,-127,-160,-154,-193,-193,-240,-41,-47,-32,-42,-32,-32,-52,-47,-33,-33,-35,-34,-53,-40,-47,-105,-102,-89,-14,-18,-14,-23,-26,-26,0,0,0,0,0,-226,-210,-558,-558,-558,-550,-966,-955,-968,-952,-1462,-1450,-1454,-1316,-1244,-1155,-1222,-961]} 1. d4 Nf6 2. Nf3 c5 3. d5 b5 4. Bg5 d6 5. Bxf6 exf6 6. e3 {A43: Alt-Benoni} a6 7. a4 b4 8. Nbd2 {LiveBook: 6 Partien. Die Stellung ist ausgeglichen.} Bb7 $146 ({Vorgänger:} 8... g6 9. c3 Bg7 10. cxb4 cxb4 11. a5 Nd7 12. Qa4 f5 13. Nc4 O-O 14. Qxb4 {1-0 (48) Kozul,Z (2604)-Komljenovic,D (2465) Sibenik 2010}) 9. Nc4 a5 10. g3 g6 11. Bg2 Nd7 12. Nfd2 Nb6 13. e4 Bg7 14. Nxb6 Qxb6 15. Bf1 (15. O-O $11 {hält das Gleichgewicht.}) 15... O-O $17 16. Bb5 f5 17. Nc4 Qd8 18. Qe2 Qe7 (18... fxe4 $17 19. Qxe4 Qg5) 19. O-O-O $15 fxe4 20. Rhe1 $1 Qg5+ 21. Kb1 (21. Qe3 $11 {war der einzige Weg, das Gleichgewicht zu behalten.} Qxe3+ 22. fxe3) 21... Bxd5 $17 22. Nb6 {[#]} Qe5 $1 {[%csl Gg7][%cal Re5b2]} 23. c3 Bb3 24. Rc1 Bh6 $2 ({Bloß nicht} 24... bxc3 25. Rxc3 Rab8 26. Rxb3 $17) (24... Ra7 $19 {zielt auf ...Tb8 ab.} 25. f4 Qe6) 25. f4 $15 exf3 $1 26. Qxf3 Qf5+ $1 27. Qxf5 gxf5 28. Nxa8 Bxc1 29. Kxc1 {Schwarz muss nun Sc7 beachten.} Rxa8 {[%mdl 4096] Endspiel KTL-KTL} 30. c4 d5 31. Bc6 Rd8 32. cxd5 (32. Bxd5 $15 Kf8 33. Re5) 32... Kg7 $1 $17 33. Re3 Bc4 ({Falsch wäre} 33... Bxd5 $2 34. Rd3 $16) ({Lieber} 33... Ba2 $17) 34. b3 $1 $11 {[%cal Rb3c4]} Bf1 ({Aber nicht} 34... Bxd5 $2 35. Rd3 $18) 35. Rf3 Bg2 36. Rxf5 Rd6 37. Kd2 Kg6 38. g4 {Droht Kd3 und aus.} Rf6 39. Kd3 $2 {[#]} (39. Bd7 $11 {und Weiss ist OK.}) 39... Bf1+ $1 $19 40. Ke4 $2 {[#]} (40. Ke3 {ist zäher.} Rxf5 41. gxf5+ Kxf5 42. d6) 40... Rxf5 $1 {Schwarz steht klar auf Gewinn.} 41. gxf5+ {KL-KL} Kf6 42. Kf4 Bg2 43. Bb7 {[#]} c4 $1 {[%cal Bc5c4,Bc4b3][%mdl 544]} 44. Ke3 (44. bxc4 b3) 44... cxb3 45. Kd2 Be4 {Und weiter mit ...b2 wäre nett.} 46. Kc1 Bxf5 47. d6 Bd7 {Precision: Weiß = 46%, Schwarz = 46%.} 0-1

[Event "89th GER-ch"]
[Site "Dresden"]
[Date "2018.08.11"]
[Round "9"]
[White "Syrov, Arkadi"]
[Black "Proschmann, Tino"]
[Result "0-1"]
[WhiteElo "2295"]
[BlackElo "2092"]
[Annotator "TA"]
[PlyCount "112"]
[EventDate "2018.08.03"]
[EventType "swiss"]
[EventCountry "GER"]
[SourceTitle "playchess.com"]
[Source "ChessBase"]
[SourceQuality "1"]

{[%evp 15,111,-57,-58,-77,-48,-277,-267,-321,-275,-758,-757,-739,-750,-740,-746,-735,-746,-708,-239,-250,-252,-241,-244,-274,-239,-295,-283,-293,-288,-277,-172,-216,-206,-161,-171,-169,-173,-183,-131,-344,-339,-330,-346,-339,-347,-358,-361,-349,-345,-561,-560,-612,-585,-593,-507,-510,-417,-754,-732,-1410,-1466,-1485,-1374,-6506,-2554,-6103,-5167,-5800,-6470,-6103,-5844,-29966,-29967,-12797,-1744,-1262,-1029,-8138,-10004,-29978,-29979,-29981,-29982,-29991,-29992,-29992,-29993,-29993,-29994,-29994,-29995,-29995,-29996,-29998,-29998,-29998,-29999,-29999]} 1. Nc3 d5 2. d4 {[%cal Bd2d4,Bd4e5][%mdl 32]} Nf6 3. Bg5 Nbd7 4. f3 c6 5. e4 dxe4 6. fxe4 e5 7. dxe5 Qa5 8. Bxf6 gxf6 {LiveBook: 11 Games} 9. exf6 {D01: Veresov Opening} (9. e6 fxe6 10. Bc4 Bb4 11. Nge2 Ne5 12. Bb3 Bd7 13. Qd2 O-O-O 14. O-O-O c5 15. a3 Bxc3 16. Nxc3 c4 17. Ba2 Qc5 {½-½ (17) Dudukovic,N (2299)-Cabrilo,G (2437) Pozarevac 2013}) 9... Ba3 10. bxa3 $2 {[#]} (10. Qc1 $15) 10... Qxc3+ $19 11. Ke2 $146 {intending Nf3.Black has a decisive advantage.} ({Predecessor:} 11. Kf2 Nxf6 12. Bd3 Ng4+ 13. Ke2 Qd4 14. Nh3 Ne3 15. Qc1 Bg4+ 16. Kd2 Nc4+ 17. Ke1 Bxh3 18. gxh3 Rg8 19. Bxc4 O-O-O 20. Bd3 Rg2 21. Qd2 Qxa1+ 22. Qd1 Qf6 {0-1 (22) Mladenov,I (2185)-Todorov,M (2099) Sofia 2003}) 11... Nxf6 12. Rb1 $2 (12. Nf3 Bg4 13. Qe1 Qxa3 14. Rd1) 12... Be6 13. Qe1 Bc4+ 14. Kd1 O-O-O+ 15. Bd3 Qxa3 16. Qb4 Qxb4 $2 {[#]} (16... Rxd3+ 17. cxd3 Qxd3+ 18. Kc1 Qf1+ 19. Kb2 Qxg2+ 20. Ne2 Qxe2+ 21. Kc1 b5) 17. Rxb4 Bxd3 18. cxd3 Rxd3+ 19. Kc2 Ra3 20. e5 Nd5 ({Resist} 20... Rxa2+ 21. Kb3 $19) 21. Rb2 Rg8 22. Kb1 Ne3 23. Nf3 Rxg2 24. Rxg2 Nxg2 {[%mdl 4096] Endgame KRN-KRN} 25. Ng5 Re3 26. Nxf7 Kd7 (26... Re1+ $19 27. Rxe1 Nxe1) 27. Rg1 $2 (27. Rd1+ $17 Ke7 28. Nd6 Rxe5 29. Nxb7) 27... Re1+ 28. Rxe1 Nxe1 {KN-KN} 29. Ng5 h6 {[%cal Bh7h6,Bh6h5][%mdl 32]} 30. Nf7 h5 31. Ng5 Nd3 32. h4 $2 (32. e6+ {keeps fighting.} Kd6 33. Kc2) 32... Nxe5 33. Ne4 Ng6 34. Ng3 Nxh4 35. Nxh5 Kd6 36. Kc2 (36. Kb2 $142) 36... Ke5 37. Kd3 Nf5 38. Kc4 b6 39. a4 a6 (39... Nd6+ $142 40. Kb3 a5) 40. Kb4 a5+ 41. Kc3 Nd6 42. Kb3 Ne4 43. Ng7 Nc5+ 44. Ka3 Ne6 (44... b5 $142 45. axb5 cxb5) 45. Nh5 c5 46. Ng3 Kd4 47. Nf5+ Kd3 {Black mates.} 48. Nd6 c4 49. Nc8 c3 50. Nxb6 c2 51. Kb2 Nd4 52. Nd5 Kd2 53. Ka2 c1=Q 54. Nc3 Qxc3 55. Kb1 Qb3+ 56. Ka1 Nc2# {Precision: White = 23%, Black = 77%.} 0-1